| 000 | 00445nam a22001457a 4500 | ||
|---|---|---|---|
| 082 | _a004 | ||
| 100 | _aSaeed, Amna | ||
| 245 |
_aSelf healing group key management protocols / _cAmna Saeed. |
||
| 260 |
_aIslamabad: _bMCS - NUST, _c2013. |
||
| 300 | _a79 p.: ill.; | ||
| 650 |
_aInformation Security - MS Theses. _934948 |
||
| 700 |
_aSup: Dr. Mehreen Afzal. _935003 |
||
| 942 |
_2ddc _cTHE |
||
| 999 |
_c540791 _d540791 |
||